| 000 | 00357nam a2200145Ia 4500 | ||
|---|---|---|---|
| 008 | 150201s2012 xx 000 0 und d | ||
| 082 |
_a614 _bN12K |
||
| 100 | _aKISHORE, J. | ||
| 245 | _aNATIONAL HEALTH PROGRAMS OF INDIA | ||
| 250 | _a10TH | ||
| 260 |
_bCENTURY PUB. _aDELHI _c2012 |
||
| 300 | _a1-899 | ||
| 650 | _aCOMMUNITY MEDICINE | ||
| 942 |
_2ddc _cBK _01 |
||
| 999 |
_c1449 _d1449 |
||